| 000 | 01416 a2200229 4500 | ||
|---|---|---|---|
| 003 | Nust | ||
| 005 | 20220802124558.0 | ||
| 010 | _a 2003063761 | ||
| 020 | _a0471467375 | ||
| 040 | _cNust | ||
| 082 | 0 | 0 | _a621.301,ZAR |
| 100 | 1 |
_aZarowski, Christopher J. _955700 |
|
| 245 | 1 | 3 |
_aAn introduction to numerical analysis for electrical and computer engineers / _cChristopher J. Zarowski. |
| 260 |
_aHoboken, NJ : _bWiley, _cc2004. |
||
| 300 |
_axvi, 586 p. : _bill. ; _c24 cm. |
||
| 505 | _aFunctional Analysis Ideas (Page-1), Number Representations (Page-38), Sequences and Series (Page-63), Linear Systems of Equations (Page-127), Orthogonal Polynomials (Page-207), Interpolation (Page- 251), Nonlinear Systems of Equations (Page-290), Unconstrained Optimization (Page-341), Numerical Integration and Differentiation (Page-369), Numerical Solution of Ordinary Differential Equations (Page-415), Numerical Methods for Eigenproblems (Page-480), Numerical Solution of Partial Differential Equations (Page-525), An Introduction to MATLAB (Page-565), | ||
| 650 | 0 | _aTelecommunication Engineering. | |
| 856 | 4 | 2 |
_3Contributor biographical information _uhttp://www.loc.gov/catdir/bios/wiley046/2003063761.html |
| 856 | 4 | 2 |
_3Publisher description _uhttp://www.loc.gov/catdir/description/wiley041/2003063761.html |
| 856 | 4 | 2 |
_3Table of contents _uhttp://www.loc.gov/catdir/toc/wiley041/2003063761.html |
| 942 |
_cREF _2ddc |
||
| 999 |
_c175544 _d175544 |
||